Pledge for an integrated India : (Record no. 145770)

MARC details
000 -LEADER
fixed length control field 00589nam a22001697a 4500
005 - DATE AND TIME OF LATEST TRANSACTION
control field 20170928172308.0
010 ## - LCCN (DPL NO)
LC control number 1718EN-30
020 ## - INTERNATIONAL STANDARD BOOK NUMBER
Terms of availability 400.00
International Standard Book Number 9789351865377
037 ## - SOURCE OF ACQUISITION
Source of stock number/acquisition Prabhat
Stock number dpl
245 ## - TITLE STATEMENT
Title Pledge for an integrated India :
Statement of responsibility, etc edited by Devesh Khandelwal ; foreworded by Amit Shah
Remainder of title Dr, Mookerjee in throes of jammu and Kashmir 1951 to1653 /
260 ## - PUBLICATION, DISTRIBUTION, ETC. (IMPRINT)
Place of publication, distribution, etc New Delhi
Name of publisher, distributor, etc Prabhat Prakashan
Date of publication, distribution, etc 2016
270 ## - ADDRESS
City New Delhi
Address 4/19 Asaf Ali Road,
Postal code 110002
300 ## - PHYSICAL DESCRIPTION
Extent 303p.
Dimensions 21cm(hb)
700 ## - ADDED ENTRY--PERSONAL NAME
Personal name Khandelwal, Devesh
942 ## - ADDED ENTRY ELEMENTS (KOHA)
Item type English Books
Call number suffix PLE
Source of classification or shelving scheme Dewey Decimal Classification

No items available.


© Delhi Public Library
Hit Counter
free hit counter